Practical guide to human resource informations systems/ (Record no. 67536)

MARC details
000 -LEADER
fixed length control field 01031nam a22002417a 4500
005 - DATE AND TIME OF LATEST TRANSACTION
control field 20120606105930.0
008 - FIXED-LENGTH DATA ELEMENTS--GENERAL INFORMATION
fixed length control field 120606t xxu||||| |||| 00| 0 eng d
010 ## - LCCN (DPL NO)
LC control number ENG-105438
020 ## - INTERNATIONAL STANDARD BOOK NUMBER
International Standard Book Number 9788120345294
Terms of availability 275.00
035 ## - SYSTEM CONTROL NUMBER
System control number EN-88971
037 ## - SOURCE OF ACQUISITION
Source of stock number/acquisition DBAD/PUB
040 ## - CATALOGING SOURCE
Original cataloging agency DPL
Language of cataloging Eng
082 ## - DEWEY DECIMAL CLASSIFICATION NUMBER
Classification number 658.300285
100 ## - MAIN ENTRY--PERSONAL NAME
Personal name Badgi, Satish M.
9 (RLIN) 17485
245 ## - TITLE STATEMENT
Title Practical guide to human resource informations systems/
Statement of responsibility, etc by Satish M. Badgi
260 ## - PUBLICATION, DISTRIBUTION, ETC. (IMPRINT)
Place of publication, distribution, etc New Delhi
Name of publisher, distributor, etc PHI Learning
Date of publication, distribution, etc 2012
270 ## - ADDRESS
Address M-97, Connaught Circus
City New Delhi
Postal code 110001
300 ## - PHYSICAL DESCRIPTION
Extent x,249p.
Dimensions 24cm (pbk)
500 ## - GENERAL NOTE
General note Includes bibliographical references and index
942 ## - ADDED ENTRY ELEMENTS (KOHA)
Source of classification or shelving scheme Dewey Decimal Classification
Item type English Books
Classification part 658.300285
Call number suffix BAD
Holdings
Withdrawn status Lost status Source of classification or shelving scheme Damaged status Not for loan Collection code Home library Current library Date acquired Source of acquisition Cost, normal purchase price Total Checkouts Full call number Barcode Date last seen Copy number Cost, replacement price Koha item type
    Dewey Decimal Classification   Not For Loan Non-fiction D.B.Act.Division D.B.Act.Division 06/06/2012 DBAD/PUB 275.00   658.300285 BAD EN-88971 06/06/2012 1 275.00 English Books

© Delhi Public Library
Hit Counter
free hit counter